[Event "ISR-ch U08/18"]
[Site "Savyon"]
[Date "2022.04.14"]
[Round "9"]
[White "Fadida, Rachel"]
[Black "Moscovitch, Michal"]
[Result "1-0"]
[WhiteElo "1225"]
[BlackElo "1350"]
[PlyCount "33"]
[EventDate "2022.04.06"]
[EventType "swiss"]
[EventRounds "9"]
[EventCountry "ISR"]
[SourceTitle "EXT 2023"]
[Source "ChessBase"]
[SourceDate "2022.10.05"]
[SourceVersion "1"]
[SourceVersionDate "2022.10.05"]
[SourceQuality "1"]

1. e4 c5 2. Nc3 Nc6 3. f4 d6 4. Nf3 Nf6 5. Bb5 Bd7 6. d3 g6 7. 0-0 Bg7 8. Qe1 0-0 9. f5 Nd4 10. Bc4 Nxc2 11. Qh4 Nxa1 12. fxg6 hxg6 13. Ng5 Nh5 14. Nxf7 Rxf7 15. Bxf7+ Kh7 16. Qg5 Kh8 17. Qxg6 1-0

[Event "ISR-ch U08/18"]
[Site "Savyon"]
[Date "2022.04.13"]
[Round "8"]
[White "Ken Dror, Renana"]
[Black "Fadida, Rachel"]
[Result "0-1"]
[WhiteElo "1340"]
[BlackElo "1225"]
[PlyCount "124"]
[EventDate "2022.04.06"]
[EventType "swiss"]
[EventRounds "9"]
[EventCountry "ISR"]
[SourceTitle "EXT 2023"]
[Source "ChessBase"]
[SourceDate "2022.10.05"]
[SourceVersion "1"]
[SourceVersionDate "2022.10.05"]
[SourceQuality "1"]

1. f4 d5 2. e3 g6 3. Nf3 Bg7 4. d4 c5 5. c3 Qc7 6. Be2 Nf6 7. 0-0 Bf5 8. Ne5 0-0 9. Nd2 Nc6 10. Ndf3 Ne4 11. Nxc6 Qxc6 12. Ne5 Qc7 13. g4 Bd7 14. Nxd7 Qxd7 15. Bd2 f6 16. Be1 e5 17. Bf3 cxd4 18. exd4 exd4 19. Bxe4 dxe4 20. cxd4 f5 21. Bf2 fxg4 22. Be3 Rad8 23. Qb3+ Qd5 24. Rfd1 Bh6 25. Rf1 Qxb3 26. axb3 a6 27. Ra4 Rd5 28. Kg2 Rb5 29. Rf2 Rxb3 30. Ra3 Rxa3 31. bxa3 Bg7 32. Rd2 Rd8 33. d5 Kf7 34. Bb6 Rd7 35. Kf2 Kf6 36. Ke3 Kf5 37. Ba7 Bh6 38. Bb8 g5 39. Rf2 Rxd5 40. fxg5+ Kxg5 41. Kxe4 Rd8 42. Be5 Re8 43. Rf5+ Kg6 44. Rf6+ Kg5 45. Rf5+ Kh4 46. Kd3 Bg5 47. Bg3+ Kh5 48. Bf4 h6 49. Bd6 Rd8 50. Rd5 Kg6 51. Kc4 Kf7 52. Kc5 Be3+ 53. Kc4 Ke6 54. Re5+ Kxd6 55. Rxe3 Rg8 56. Kb4 h5 57. Rg3 h4 58. Rg2 g3 59. hxg3 hxg3 60. Ka5 Kc5 61. a4 Rg4 62. Rxg3 b6+ 0-1